[Event "Dyfed Major"]
[Site "Fishguard"]
[Date "2017.02.25"]
[Round "3"]
[White "Jones, Hefin"]
[Black "Neave, Guto"]
[Result "1-0"]
[WhiteElo "1269"]
[BlackElo "1515"]
[Annotator "Rudy"]
[PlyCount "19"]
[EventDate "2017.02.24"]
[EventCountry "WLS"]

1. Nc3 e5 2. e4 Nf6 3. Nf3 Nc6 4. Bc4 Nxe4 {this should equalise} 5. Qe2 {
offering a variant of the Boden-Kieseritzky gambit} (5. Nxe4 d5 {though Wh
still has a bit of play with} 6. Bd3 dxe4 7. Bxe4) (5. O-O Nxc3 6. dxc3 {main
line of Boden-Kieseritzky gambit}) (5. Bxf7+ Kxf7 6. Nxe4 d5 {just gives Bl a
good centre, with minimal danger to his K}) 5... Nxc3 (5... Nf6 {ducks the
challenge,; may lead to rapid equality}) 6. dxc3 (6. bxc3 {preferred by Cloud
Engines}) 6... Bd6 $146 {but not a happy one} (6... d6 {main}) (6... f6 {as in
main gambit line, should both be OK. Bl must hold the e5 pawn to obtain any
real advantage}) (6... Be7 {is quite safe}) 7. Ng5 $18 O-O (7... Rf8 $5 8. Qh5
Qe7 9. Nxh7 Rh8 10. Nf6+ Qxf6 11. Qxh8+ Bf8 12. O-O $18) 8. Qh5 h6 9. Nxf7 Qf6
(9... Rxf7 10. Bxf7+ Kf8 11. O-O $18 {best bet for Bl}) 10. Nxh6+ (10. Nxh6+
Kh7 11. Nf7+ Qh6 (11... Kg8 12. Qh8#) 12. Bxh6 Rxf7 13. Be3+ (13. Bxf7 gxh6 14.
Qg6+ Kh8 15. Qg8#) 13... Kg8 14. Qxf7+ Kh7 15. Qh5#) 1-0

[Event "Dyfed Major"]
[Site "Fishguard"]
[Date "2017.02.25"]
[Round "3"]
[White "Evans, Gwyn"]
[Black "Narayan-Taylor, Robert"]
[Result "0-1"]
[WhiteElo "1436"]
[BlackElo "1476"]
[Annotator "Rudy"]
[PlyCount "60"]
[EventDate "2017.02.24"]
[EventCountry "WLS"]

1. c4 Nf6 2. Nf3 g6 3. g3 Bg7 4. Bg2 O-O 5. Nc3 Re8 (5... d6 {main; the R
might yet be needed on the f file later}) 6. O-O e6 (6... e5 {is the logical
followup for Bl's last}) 7. d3 d5 8. cxd5 (8. Qc2 c6 9. b4 b6 10. b5 Bb7 11.
Rb1 {Kluegel-Coldewey, Schleswig-Holstein ch B, Eckernfoerde 2001,0-1}) 8...
Nxd5 9. Nxd5 exd5 10. Bf4 (10. Bg5 Qd6 11. Bf4 Qb6 12. Rc1 Nc6 13. Rc2 Bg4 14.
e3 h6 15. h4 f6 $15 {Komodo10}) 10... Bxb2 11. Rb1 Bg7 $15 12. Re1 c6 (12... b6
) 13. Qb3 Na6 14. d4 Nc7 15. Qc2 Nb5 (15... Bf5 $19) 16. e3 (16. Qd2 Qe7 $17)
16... Na3 17. Qe2 Nxb1 $19 18. Rxb1 h6 19. Qd3 $2 {Wh seems determined to drop
exchanges} Bf5 20. Qb3 Bxb1 21. Qxb1 b6 22. h4 a5 (22... c5) 23. Bf1 b5 24. Bd3
Re6 25. h5 g5 26. Be5 f6 27. Bh7+ Kh8 28. Qf5 Qe7 29. g4 fxe5 30. dxe5 Rf8 0-1

[Event "Dyfed Major"]
[Site "Fishguard"]
[Date "2017.02.25"]
[Round "3"]
[White "Chong, Kimberly"]
[Black "White, Sam"]
[Result "0-1"]
[WhiteElo "1441"]
[BlackElo "1411"]
[Annotator "Rudy"]
[PlyCount "82"]
[EventDate "2017.02.24"]
[EventCountry "WLS"]

1. d4 Nf6 2. Bf4 {the latest fashion among the GMs, led by Jobava} d5 3. Nc3
Bf5 4. e3 c6 5. Bd3 (5. Nf3 {transposes to the Barry Attack}) 5... Ne4 $146 {
seems strange that it be, since the move is quite usual in other lines} (5...
Bxd3 {main}) 6. Nxe4 (6. Bxe4 dxe4 7. Nge2 e6 8. Ng3 Bb4 9. O-O Bxc3 10. bxc3
O-O $14 {Komodo10}) 6... dxe4 7. Bc4 Nd7 $11 8. g4 Bg6 9. h4 h5 $15 {the Wh
pawnstorm has left wh square weaknesses in Wh's structure} 10. g5 Nb6 (10... e5
11. dxe5 Qb6 12. Kf1 O-O-O 13. Qe1 Qc5 14. Be2 Qxc2 $15 {Komodo10}) 11. Bb3 Bf5
12. f3 Nd5 13. Qd2 e6 (13... Nxf4 14. exf4 e6 $15 {Komodo10}) 14. Bxd5 exd5 (
14... cxd5 $17) 15. fxe4 (15. O-O-O $11 {brings the K to safety out of the
centre & lets the QR into the game, but the Wh player often seems averse to
this idea; preferring to get other pieces into the act as soon as possible?
Admittedly, there are openings ( such as the Italian) where catling too soon
gives the opponent a target; but a judicious moment does connect the Rs &
gives them access to central files.}) 15... Bxe4 16. Rh2 Bd6 17. Rf2 O-O 18.
Ne2 (18. O-O-O $11) 18... a5 19. Ng3 g6 20. Nxe4 (20. O-O-O $16 {Komodo10})
20... dxe4 21. Bxd6 Qxd6 22. Rf4 (22. O-O-O) 22... Qd5 23. Qc3 Rae8 24. Qb3 Re7
25. Qxd5 (25. c4 Qd7 26. O-O-O $14 {Komodo10}) 25... cxd5 26. Rf6 (26. Kd2 {in
endings though it often is better to have the K near the centre. Here the K
moves first, so that the other R can come out in support of its fellow.} Rc8
27. Rf6 Rec7 28. c3 Rc6 29. Raf1) 26... Re6 {here it would have helped if Wh
had Raf1 available} 27. Rxe6 (27. Kd2 Rxf6 28. gxf6 Rd8 29. c4 Rd6 30. Rf1 Kh7
(30... Kf8 31. cxd5 Rxd5 32. Rc1 {could be dangerous, though Komodo10
considers Bl holding after} Ke8 33. Rc7 Rd6 {eg} 34. Rxb7 Rxf6 35. Rb5 Rf2+ 36.
Kc3 Re2 37. Re5+ Kd7 38. Rxe4 a4 39. Re5 Rh2 40. Ra5 Rxh4 41. Rxa4 Rh1 $11 {
Komodo10}) 31. cxd5 Rxd5 32. Rf4 g5 33. hxg5 Kg6 34. Rxe4 Kxg5 35. Re7 (35. Rf4
) 35... Kxf6 36. Rxb7 h4 37. Rb6+ Kg5 38. Ke2 Rf5 39. e4 Rf4 40. Ke3 h3 41. Rb8
Rh4 42. Rg8+ Kf6 43. Rg1 h2 44. Rh1 Kg5 45. d5 $11 {Komodo10}) 27... fxe6 28.
Ke2 Rf3 {now Bl has a slightly more active R} 29. Rf1 Rf5 (29... Rh3 30. Rf4 (
30. Rf6 Rxh4 31. Rxg6+ Kf7 32. Rf6+ Ke7 33. Rh6 b5 34. a3 Rh2+ 35. Kd1 Kf7 $15)
30... b5 $11 {Komodo10}) 30. Rxf5 exf5 $11 31. b3 (31. Kf2 b5 32. c3 Kf7 33.
Kg3 Ke6 34. Kf4 Kd6 $11 {neither side can break through}) 31... b5 32. c4 $2 {
too hasty} (32. a3 {& other moves would draw easily}) 32... bxc4 (32... dxc4 $1
33. bxc4 b4 $1 $19 {Wh has to watch for pawn breaks at 2 different points- b3
& f4, while the 2 Wh centre passed pawns won't get past the Bl Kin the absence
of the support of their own K. eg} 34. Kd2 a4 35. Kc1 Kf7 36. c5 Ke6 37. Kd2 a3
$1 {setting up a passed pawn as distant as possible from the K} 38. Kc1 f4 39.
exf4 b3 40. axb3 e3 {and the Wh K can't dance at 2 weddings}) 33. bxc4 dxc4 34.
Kd2 $11 Kf7 35. Kc3 Ke6 36. Kxc4 (36. Kd2 $1 {still holds} Kd5 37. Kc3 f4 38.
exf4 Ke6 39. Kd2 $1 (39. Kxc4 Kf5 40. d5 Kxf4 41. d6 e3 42. d7 e2 43. d8=Q e1=Q
$15 {the Wh K side pawns are more vulnerable, eg} 44. Qf6+ Kg4 45. Qxg6 Qxh4)
39... a4 40. a3 Kf5 (40... Kd5 41. f5 $18 gxf5 42. g6 Ke6 43. d5+ Ke7 44. d6+)
41. d5 $11 Kxf4 42. d6 e3+ 43. Ke2 c3 44. d7 c2 45. d8=Q c1=Q 46. Qf6+ Kg3 47.
Qf3+ Kxh4 48. Qf4+ {and Wh escapes due to perpetual check! Komodo10}) 36... Kd6
(36... f4 $1 $15 37. d5+ Kf5 38. exf4 Kxf4 $15 {transposes to the second line
of the previous note}) 37. a4 Ke6 (37... Kc6 {taking the opposition is usually
the best idea in a K & pawn ending. Wh will not get very far with driving Bl
back, since that f4 pawn break needs constant attention.}) 38. Kc5 $2 {getting
far away from the f pawn} (38. d5+ Kd6 39. Kd4 Kd7 $1 {the reserve blockade
square, ready to take the opposition on whichever side Wh comes in} 40. Ke5 Ke7
41. d6+ Kd7 42. Kd5 Kd8 43. Kd4 (43. Ke6 $2 f4 $19) 43... Kd7 44. Kd5 $11)
38... Kd7 (38... f4 $1 {wins immediately} 39. Kc6 fxe3 40. d5+ Kf5 41. d6 e2
42. d7 e1=Q 43. d8=Q Qc3+ 44. Kb6 e3 {and the extra e pawn wins through while
the Bl K shelters on the K side}) 39. d5 $2 (39. Kd5 $1 {still draws as Wh
holds the the centre, but then the d pawn can't advance either without the Wh
K coming to assist & allowing that f4 pawn break.}) 39... f4 $19 40. exf4 e3
41. f5 e2 {Wh is too slow; a Q will easily pick up all loose pawns on her own,
& the remainder with the assistance of the K} 0-1

[Event "Dyfed Major"]
[Site "Fishguard"]
[Date "2017.02.25"]
[Round "3"]
[White "Watkins, Peter"]
[Black "Bevan, Paul"]
[Result "1/2-1/2"]
[WhiteElo "1390"]
[BlackElo "1251"]
[Annotator "Rudy"]
[PlyCount "94"]
[EventDate "2017.02.24"]
[EventCountry "WLS"]

1. d4 f5 2. Nf3 Nf6 3. e3 e6 4. Nbd2 d5 5. Be2 Bd6 6. c4 c6 7. O-O O-O 8. Ne5 (
8. b3) 8... Nbd7 9. Ndf3 (9. f4) 9... Qc7 (9... Ne4) 10. Nxd7 Bxd7 11. g3 (11.
c5 Be7 12. Ne5 Be8 13. Bd2 (13. b4 b6 14. a4 bxc5 15. bxc5 Bxc5 {
Nikulin-Kuchkin, Moscow opB, 2008,0-1}) (13. Qc2 {Komodo10}) 13... Bxc5 {
Streier-Erbs, NRW Seniors, Hattingen 2005,0-1}) 11... Ne4 12. c5 Be7 13. Ne5
Bc8 (13... Be8) 14. f4 Bf6 15. Bd2 Bxe5 16. dxe5 (16. fxe5) 16... Nxc5 (16...
b6 $15 {Komodo10}) 17. Bb4 b6 18. Rc1 $14 Qb7 19. b3 (19. Qd4) 19... Rd8 (19...
a5 20. Bxc5 bxc5 21. Rxc5 Bd7 $11 {Komodo10}) 20. Bxc5 (20. Qc2) 20... bxc5 21.
Rxc5 Qb6 22. Qd4 Bb7 23. Rfc1 $16 Qc7 24. Bb5 (24. b4) 24... Rdc8 25. Kf2 Qd7
26. Be2 Qe7 27. b4 g5 28. fxg5 Qxg5 29. Qf4 (29. b5 $18 {Komodo10} cxb5 30.
Rxc8+ Rxc8 (30... Bxc8 31. Rc7 Qd8 32. Qc5 $18) 31. Rxc8+ Bxc8 32. Qxa7 Qh6 33.
Qc7 Qxh2+ 34. Ke1 Qxg3+ 35. Kd2 Ba6 36. Qd8+ Kg7 37. Qf6+ Kg8 38. Qxe6+ Kh8 39.
Qxa6 $18 {Komodo10}) 29... Qxf4+ (29... Qg7) 30. gxf4 (30. exf4) 30... Kh8 31.
Rg1 Rg8 32. Rcc1 a5 33. Rxg8+ Kxg8 34. Rg1+ Kh8 35. b5 c5 (35... cxb5 36. Bxb5
Rc8 37. Bd7 Rc2+ 38. Kg3 Bc8 39. Bxc8 Rxc8 40. Rb1 Kg7 41. Rb7+ Kg6 42. Re7 Rc6
$14 {Komodo10}) 36. a4 (36. Bh5) 36... c4 37. Ke1 c3 (37... Rg8 38. Rg5 h6 39.
Rg3 Rxg3 40. hxg3 $16 {Komodo10}) 38. Kd1 $18 Rc8 39. Kc1 (39. Kc2) 39... d4
40. exd4 Be4 41. Rg3 c2 42. Bd3 (42. Bf3) 42... Bxd3 (42... Bd5 43. Bf1 Be4 44.
Bg2 $18 {Komodo10}) 43. Rxd3 Rc4 44. Rd2 (44. Rb3 $1 {passed pawns must be
pushed ( though without letting Rs behind them)} Rc8 45. b6 Kg7 46. b7 Rb8 47.
Kxc2 $18 {Komodo10}) 44... Rxa4 45. Kxc2 (45. Rxc2 Rb4 46. Rb2 Rxd4 47. b6 Rd8
48. b7 Rb8 49. Kb1 $18 {Komodo10; the Wh K goes up the board to force the b
pawn throgh ( the R can check the Bl K away from the c file at a suitable
moment)}) 45... Rb4 46. Kc3 Rxb5 47. Ra2 (47. Rb2 $1 Rd5 48. Rb6 $1 a4 49. Rxe6
Ra5 50. Kb2 a3+ 51. Ka2 $18 {Komodo10}) 47... Rd5 (47... Rd5 48. Rb2 $1 a4 49.
Rb8+ Kg7 50. Ra8 Rd7 51. Rxa4 $16 {Komodo10}) 1/2-1/2

[Event "Dyfed Major"]
[Site "Fishguard"]
[Date "2017.02.25"]
[Round "3"]
[White "Osinga, Awne"]
[Black "O'Brien, Sam"]
[Result "0-1"]
[WhiteElo "1386"]
[BlackElo "1500"]
[Annotator "Rudy"]
[PlyCount "120"]
[EventDate "2017.02.24"]
[EventCountry "WLS"]

1. e4 e5 2. Nf3 Nc6 3. Be2 Nf6 4. d3 h6 5. O-O Bc5 6. a3 (6. c3) (6. Nc3 {main
lines}) 6... a5 (6... a6 7. b4 Ba7 8. Nc3 O-O 9. Bb2 {Janbein-Hamdoun, Beirut
op 2015,1-0}) 7. Nbd2 d6 8. Nc4 Be6 9. Be3 (9. Ne3) 9... Bxe3 10. Nxe3 b5 (
10... O-O 11. c3 Re8 $11) 11. c3 (11. d4 $16 {Komodo10}) 11... Rb8 12. Qc2 (12.
d4 $14) 12... O-O 13. d4 exd4 14. cxd4 Ne7 15. Rfd1 (15. d5 Bd7 16. Nd4 $14 {
Komodo10}) 15... Qd7 (15... c6) 16. e5 (16. d5 $18 {Komodo10} Bg4 17. e5 Ne8 (
17... Bxf3 18. exf6 Bxe2 19. fxe7 Qxe7 20. Qxe2 $18) 18. e6 fxe6 19. Nxg4 $18)
16... Nfd5 $11 17. Qe4 Rfc8 18. Bd3 Qe8 (18... f5 19. Qh4 $11 {Komodo10}) 19.
Nh4 (19. Qh7+ $18 Kf8 20. Qh8+ Ng8 21. Nxd5 Bxd5 22. Bh7 Ke7 (22... f6 23. exf6
gxf6 24. Bxg8 Bxg8 25. Qxh6+ $18) 23. Qxg7 $18 {Komodo10}) 19... g6 20. Qf3 (
20. Nxg6 fxg6 21. exd6 Bf5 22. Nxf5 gxf5 23. Qe6+ Qf7 24. Qxf7+ Kxf7 25. dxe7
Nxe7 26. Rac1 $16 {Komodo10}) 20... dxe5 21. dxe5 g5 $2 {further weakens the
Kside} (21... Rd8 $11) 22. Nhf5 (22. Qe4 $18 Kf8 (22... gxh4 23. Qh7+ Kf8 24.
Qxh6+ Kg8 25. Bh7+ Kh8 26. Be4+ Kg8 27. Rd4 Ng6 28. Bxg6 fxg6 29. Rxh4 $18 {
the Bl Rs are helpless & cannot protect their K}) 23. Qh7 Ng8 24. Nhf5 Bxf5 25.
Bxf5 Nxe3 26. fxe3 Qxe5 27. Bxc8 Qxe3+ 28. Kh1 Rxc8 29. Rf1 Qe6 30. Rae1 $18 {
Komodo10}) 22... Nf4 (22... Qf8 23. Ng4 Nxf5 24. Bxf5 c6 25. Qh3 Nf4 26. Nf6+
Kh8 27. Qg4 $16 {Komodo10}) 23. Nxh6+ $18 Kf8 24. Nhg4 (24. Bc2) (24. Be4) (24.
g3) 24... Nxd3 25. Rxd3 (25. Nf6 $1 Qd8 26. Qe4 Ng6 27. Rxd3 $18 {Komodo10})
25... Ng6 26. Qg3 (26. Nf6 $1 Nxe5 (26... Qe7 27. Qh5 Qc5 28. Rd7 $18) 27. Qe4
Nxd3 (27... Qe7 28. Qxe5 $18) 28. Nxe8 Nc5 29. Qd4 Nb3 30. Qh8+ Ke7 31. Re1
Rxe8 32. Nd5+ $18 {Komodo10}) (26. Qh3 Nh4 27. g3 $18 {Komodo10}) 26... Nf4 27.
Rd2 Rd8 28. Rxd8 $2 (28. Rad1 $11) (28. Nf6 Rxd2 29. Qxg5 Ne2+ 30. Kh1 Qd8 31.
Nh7+ Ke8 32. Nf6+ $11 {perpetual; Komodo10}) 28... Ne2+ 29. Kf1 Nxg3+ 30. hxg3
Rxd8 $19 31. Nf6 Qe7 32. Nh7+ Kg8 33. Nf6+ Kg7 34. Ke2 Qc5 35. f4 gxf4 (35...
Qd4 36. Re1 Qxb2+ 37. Kf1 Qxa3 {Komodo10}) 36. gxf4 Kg6 37. Ne4 Qc6 38. Ng3 Rh8
(38... Bc4+ 39. Kf2 Rd2+ 40. Kg1 Qb6 41. Re1 Qd4 $19 {Komodo10}) 39. f5+ Bxf5
40. Ngxf5 Qe4 41. Ne7+ Kg5 42. Rf1 Rh2 43. Rf5+ Kh6 44. Rf6+ Kg7 45. Rf2 Qxe5
46. N7f5+ Kg6 47. Kd3 Rh8 48. Kc2 Qc5+ 49. Kd2 Rd8+ 50. Ke2 b4 51. Nh4+ Kg7 52.
a4 Qh5+ 53. Nf3 Re8 54. g4 Qc5 55. Nh4 Qxe3+ 56. Kf1 Qe1+ (56... Qh3+ 57. Rg2 (
57. Ng2 Qh1#) 57... Qh1+ 58. Rg1 Qxh4 59. g5 Qf4+ 60. Kg2 Re2+ 61. Kh1 Rh2#)
57. Kg2 Re2 58. Nf5+ Kh7 59. Rxe2 Qxe2+ 60. Kg3 Qxb2 0-1

[Event "Dyfed Major"]
[Site "Fishguard"]
[Date "2017.02.25"]
[Round "3"]
[White "Holman, Sam"]
[Black "Williams, Allan"]
[Result "0-1"]
[WhiteElo "1334"]
[BlackElo "1200"]
[Annotator "Rudy"]
[PlyCount "64"]
[EventDate "2017.02.24"]
[EventCountry "WLS"]

1. e4 c5 2. Nf3 e6 3. d4 cxd4 4. Nxd4 Nc6 5. b3 {uncommon} (5. Nc3 {main}) (5.
Nb5 d6 6. c4 (6. Bf4 e5 7. Be3)) 5... e5 (5... Nf6) (5... a6) 6. Nf5 (6. Nb5 {
Komodo10} a6 7. Nd6+ Bxd6 8. Qxd6 Qf6 9. Ba3 Qxd6 10. Bxd6 Nge7 11. Nc3 b5 12.
Nd5 Nxd5 13. exd5 Ne7 14. c4 $16 {Mrla-Krainc, CRO ch tm, Center North Cakovec
2010,1/2-1/2}) 6... Nf6 $15 7. Ba3 $2 Bxa3 8. Nxa3 O-O (8... Qa5+ 9. Qd2 Qxa3
$19) 9. Nc4 Nxe4 $15 10. Qg4 (10. Nfd6 Nxd6 11. Qxd6 b5 12. Ne3 Qa5+ 13. Qd2
Qxd2+ 14. Kxd2 Rb8 $15 {Komodo10 & Stockfish8}) 10... Qf6 (10... g6 11. Qxe4 d5
$19 {both Engines}) 11. Qxe4 d5 12. Qxd5 Bxf5 $17 13. Bd3 (13. c3) 13... e4 $19
14. O-O exd3 (14... Rad8) 15. Ne3 Be6 (15... Bg6) 16. Qxd3 Rfd8 17. Qb5 Qe7 18.
a4 Rac8 19. a5 a6 (19... Nd4) 20. Qh5 Qb4 21. Ra4 Qc3 22. Rh4 h6 23. Ra4 Nd4
24. g4 Nf3+ 25. Kg2 Ng5 26. h4 Qc6+ 27. f3 Rd2+ 28. Kg3 Qd6+ 29. f4 Rc3 30.
hxg5 Rxe3+ 31. Rf3 Rxf3+ 32. Kxf3 Qc6+ 0-1

[Event "Dyfed Major"]
[Site "Fishguard"]
[Date "2017.02.25"]
[Round "3"]
[White "Farhaili, Mohammed"]
[Black "Cooke, Raymond"]
[Result "1-0"]
[WhiteElo "1275"]
[BlackElo "1340"]
[Annotator "Rudy"]
[PlyCount "53"]
[EventDate "2017.02.24"]
[EventCountry "WLS"]

1. d4 Nf6 2. c4 e6 3. Nc3 Bb4 4. Qc2 d5 5. Bg5 Nbd7 (5... h6 {main}) 6. Nf3
dxc4 7. e3 b5 8. a4 Bxc3+ (8... c6 {transposes to a variant of the Noteboom
line} 9. axb5 cxb5) 9. bxc3 c6 10. Be2 h6 (10... Nb6 11. axb5 cxb5 12. O-O O-O
13. Rfb1 Bd7 14. Ne5 Nbd5 15. e4 Nxc3 16. Qxc3 {Jacso-Hatala, Gyongyos Matra
Cup 2004, draw agreed} Nxe4 17. Qe3 Nxg5 18. f4 $16 {Komodo10}) 11. Bh4 g5 12.
Bg3 Bb7 13. Ne5 c5 (13... a6) 14. f3 cxd4 15. cxd4 (15. exd4) 15... a6 16. O-O
h5 (16... Nd5 17. Rfb1 Nxe3 18. Qc1 Nf5 19. Nxc4 bxc4 20. Rxb7 Rc8 $11 {
Komodo10}) 17. h3 Qb6 18. Nxd7 (18. axb5 axb5 19. Rxa8+ Bxa8 20. Rb1 Qa6 21.
Qb2 $18 {Komodo10}) 18... Nxd7 19. f4 (19. Rfb1 $16) 19... gxf4 20. Rxf4 (20.
Bxf4 $11) 20... e5 (20... Rg8 21. Kh2 e5 $17 {Komodo10}) 21. Rh4 (21. Rf2)
21... Rg8 22. Kh2 Nf6 (22... exd4 23. Bxh5 Rxg3 24. Kxg3 d3 25. Qf2 O-O-O $17 {
Komodo10; the Bl centre pawns are formidable}) 23. Rf1 (23. Qf5 $14) 23... Ne4
$2 {right idea, wrong execution thereof.} (23... Rxg3 24. Kxg3 Ne4+ 25. Kh2 (
25. Rxe4 Qg6+ 26. Kh2 (26. Kf3 f5 $19) 26... Bxe4 $19) 25... Qg6 26. Rxh5 Qg3+
27. Kh1 Qxe3 28. Rxe5+ Kf8 29. Rf3 Qxd4 30. Ref5 Nd6 31. R5f4 Be4 32. Qc1 Qe5
$11 {Komodo10; quite messy, both sides have chances}) 24. Rxe4 $18 Rxg3 25.
Rxe5+ {beause of the move order the R escapes} Kd7 26. Rxf7+ Kd6 27. Rf6+ (27.
Re6+ Kxe6 28. Qf5+ Kd6 29. Qd7#) 1-0

[Event "Dyfed Major"]
[Site "Fishguard"]
[Date "2017.02.25"]
[Round "3"]
[White "Taylor, Paul"]
[Black "Baron, Margaret"]
[Result "1-0"]
[WhiteElo "1511"]
[BlackElo "850"]
[Annotator "Rudy"]
[PlyCount "35"]
[EventDate "2017.02.24"]
[EventCountry "WLS"]

1. e4 e6 2. Nc3 d5 3. d4 g6 (3... Bb4) (3... Nf6 {main lines}) 4. Nf3 Nf6 (4...
Bg7) 5. Bg5 (5. e5 Nh5 6. Bd3 c5 7. Be3 c4 8. Be2 Ng7 9. Bg5 Be7 10. Bh6 O-O
11. Qd2 {Demirkesen-Toren, TUR cup Antalya 2017,1-0}) (5. Bd3 {have been played
}) 5... h6 (5... Be7) 6. Bh4 (6. Bxf6 Qxf6 7. exd5 $16) 6... c5 (6... g5 7. Bg3
Nxe4 8. Nxe4 dxe4 9. Ne5 Bg7 10. h4 $11 {Komodo10; Wh has pressure for the pawn
}) 7. e5 Bg7 (7... g5 8. Nxg5 hxg5 9. Bxg5 Nbd7 10. exf6 Qb6 {a bit like a
Moscow var in a Queens Gambit} 11. Na4 Qd6 12. f4 b6 13. Qd2 $16) 8. exf6 $18
Bxf6 9. Bxf6 Qxf6 10. Nb5 a6 (10... Qe7) 11. Nc7+ Kd8 12. Nxa8 e5 13. dxc5 (13.
dxe5) 13... Nd7 14. Qxd5 b6 15. Nxb6 (15. c6) 15... e4 16. O-O-O (16. Nxd7 Bxd7
17. Ne5) 16... exf3 17. Nxd7 Bxd7 18. Qxd7# 1-0

[Event "Dyfed Major"]
[Site "Fishguard"]
[Date "2017.02.26"]
[Round "4"]
[White "Narayan-Taylor, Robert"]
[Black "Scott, Paul"]
[Result "1/2-1/2"]
[WhiteElo "1476"]
[BlackElo "1553"]
[Annotator "Rudy"]
[PlyCount "90"]
[EventDate "2017.02.24"]
[EventCountry "WLS"]

1. a4 g6 2. c3 {the Wh player has had these opening moves in several Dyfed
League matches ( though Bl responses have been diverese)} Bg7 3. b4 (3. g3 d5
4. Bg2 c6 5. Na3 e5 6. Nc2 Be6 7. d3 Nd7 8. Nf3 h6 9. O-O Ne7 10. Nd2 f5 11.
Na3 g5 $11 {Coro-Molina, BOl ch women (qual) Bogota 2016,1-0}) 3... a5 4. Ba3
d6 (4... axb4 5. Bxb4 d6 $17 {Komodo10}) 5. e4 e5 6. Nf3 Nf6 7. d3 Bd7 8. Nbd2
b5 (8... axb4 9. Bxb4 c5 10. Ba3 Rxa4 $17 (10... Bxa4 $17 {Komodo10})) 9. axb5
axb4 10. Bxb4 Rxa1 11. Qxa1 Bxb5 12. c4 Bd7 13. Nb3 c5 (13... O-O $15) 14. Bc3
Nc6 15. Be2 O-O $15 16. O-O Qc7 17. h3 Rb8 18. Rb1 Qc8 19. Nbd2 Ra8 20. Qb2 Rb8
21. Qc1 Bh6 22. Rxb8 Qxb8 23. g4 Bf4 $15 24. Nh2 h5 $17 25. f3 Kg7 $19 {Wh has
bl square weaknesses & a bad KB} (25... Nd4 $19) 26. Qc2 Qh8 27. Kg2 hxg4 (
27... Bxh2 28. Kxh2 hxg4 29. fxg4 Nxg4+ 30. Bxg4 Bxg4 31. Nf1 Qxh3+ $19 {
Komodo10}) 28. fxg4 (28. Nxg4 Qh4 29. Nf1 Nh5 30. Qd1 Bg5 31. Nfh2 Nd4 {Wh's
position is porous as a sieve} 32. Be1 Nf4+ 33. Kh1 Qxh3 $19 (33... Qh8 34. Bf1
Nxh3 $19 {Komodo10})) 28... Qh4 (28... Bxh2 29. Kxh2 Nxg4+ $19) 29. Nhf1 $17
Nd4 30. Bxd4 exd4 31. Nf3 Qh6 32. N3h2 Nh7 33. Nf3 Nf6 (33... Nf8 34. Qd1 Ne6
35. h4 Be5 $19 {Komodo10}) 34. N3h2 Be5 35. Qd1 Qf4 36. Nf3 Qh6 (36... Nh7 37.
Nxe5 Qxe5 38. Nh2 Nf8 39. Nf3 Qf6 $15) 37. Nxe5 dxe5 38. Qe1 Qh8 (38... Nh7 39.
Qa5 Ng5 40. Qxc5 Qxh3+ 41. Kf2 Qh4+ 42. Kg2 Bxg4 43. Qxe5+ f6 44. Qc7+ Kh6 45.
Qg3 Bh3+ 46. Kh2 Qxg3+ 47. Nxg3 Kg7 $15 {Komodo10although Wh has a protected
passed pawn, there is still that bad B}) 39. Qg3 $11 (39. Qa5 $11) 39... Qb8
40. Qf3 (40. g5 Nh7 41. Nh2 $11) 40... Qb2 41. Ng3 Be6 (41... Nh7 42. h4 f6 43.
Qf2 Qd2 $17 {Komodo10; despite the reduced material, Bl maintains a grip on
the position}) 42. g5 Nd7 43. h4 Qc1 44. Nf1 (44. Nf5+ Kf8 45. Nd6 Ke7 46. Nc8+
Kf8 47. Nd6 $11 {Komodo10}) 44... Qe1 45. Ng3 Qc1 1/2-1/2

[Event "Dyfed Major"]
[Site "Fishguard"]
[Date "2017.02.26"]
[Round "4"]
[White "White, Sam"]
[Black "Jones, Hefin"]
[Result "1-0"]
[WhiteElo "1411"]
[BlackElo "1269"]
[Annotator "Rudy"]
[PlyCount "53"]
[EventDate "2017.02.24"]
[EventCountry "WLS"]

1. d4 Nf6 2. Nf3 d5 3. Bf4 e6 4. c3 Bd7 {where is the B going?} (4... Bd6) (
4... c5) 5. Nbd2 (5. e3 {played, preventing Bl's idea}) 5... Bb5 (5... Nc6 {
transposes to several games}) 6. e3 (6. a4 Ba6 7. b4 b6 (7... c6 8. Qb1) 8. b5
Bb7 9. a5 bxa5 10. e3 $14 {drives the B away; Komodo10}) 6... Bxf1 7. Nxf1 $11
(7. Kxf1 $11) 7... Bd6 8. Qa4+ c6 9. Bxd6 Qxd6 10. Qb3 b5 11. N1d2 Nbd7 12. Qc2
a5 (12... O-O $11) 13. O-O a4 14. e4 e5 $6 {its dangerous opening up the
centre when the K is still there , & leaving the Rs disconnected} 15. dxe5 Nxe5
16. Nxe5 Qxe5 17. exd5 (17. Nf3 Qc7 18. exd5 O-O 19. dxc6 Qxc6 20. Rad1 $16 {
Komodo10}) 17... Qxd5 (17... O-O $16 {Komodo10}) 18. Rfe1+ Kf8 19. Nf3 (19.
Rad1) (19. c4) 19... h5 20. Rad1 (20. Re5 Qc4 21. Nd4 g6 22. Qd2 Ng4 23. Rg5 c5
24. Nf5 Qe6 25. Re1 Qf6 (25... Qxa2 26. Qd6+ Kg8 27. Rxg6+ fxg6 28. Qxg6+ Kf8
29. Qg7#) 26. Nd6 Rd8 27. Rd5 $16 {Komodo10}) 20... Qxa2 21. Ne5 (21. Rd6 Re8
22. Qd2 Rxe1+ 23. Qxe1 Ne8 24. Rd8 Qe6 25. Qxe6 fxe6 26. Ne5 Rg8 27. Nxc6 $16 (
27. Rd7 $16 {Komodo10; the Bl pieces are uncoordinated})) 21... c5 (21... g6
$11) 22. Nd7+ (22. c4 Qb3 23. Qxb3 axb3 24. cxb5 $16 {Komodo10}) 22... Nxd7 23.
Rxd7 a3 (23... g6 24. Qe2 Kg7 25. Qe5+ Kh6 26. Qe3+ Kh7 27. Qxc5 Rhe8 $11 {
Komodo10; Bl must get his Rs moving}) 24. Qe4 $18 (24. Qd1 g6 25. b3 Kg7 26.
Rd2 $18 {Komodo10}) 24... axb2 25. Qb7 $2 (25. c4 $1 Kg8 26. Qd5 Rf8 27. Rxf7
Rh6 (27... Rxf7 28. Re8+ Kh7 29. Qxh5#) 28. Rxf8+ Kxf8 29. Qf5+ Rf6 30. Qc8+
Kf7 31. Qe8# {Komodo10}) 25... b1=Q $2 (25... Kg8 $19) 26. Rxf7+ Qxf7 27. Qxa8+
{the K dies in the middle} 1-0